Mixed Word: Fortune 500 Companies Quiz Stats

 Plays Quiz Updated Feb 1, 2018

Challenge
Share
Tweet
Embed
Score 0/20 Timer 02:00
0 Plays Today
Scrambled Unscrambled % Correct
CAOC-CLOACoca-Cola
97.3%
LEDLDell
97.1%
EFEXDFedEx
94.1%
DFROFord
92.4%
WTLA NDSIEYWalt Disney
92.4%
LWA-RMTAWalmart
90.1%
KBNA FO EMIARACBank of America
87.2%
HMEO PTODEHome Depot
87%
NJOONSH NAD JSOHNNOJohnson and Johnson
82.1%
ADETLDelta
78.1%
Scrambled Unscrambled % Correct
CRTOPRE ADN MGBALEProcter and Gamble
62.4%
NZIVOREVerizon
59.2%
TGTRAETarget
52.8%
TWHELTE-PCRAKDAHewlett-Packard
52.6%
NOHCEVRChevron
52.3%
ORKERGKroger
35.8%
IGBEONBoeing
22.5%
AGEENLR CTCIRELEGeneral Electric
14.3%
EALTSLTAAllstate
10.7%
PCIOUTIGRCitigroup
7.4%

You're not logged in!

Compare scores with friends on all Sporcle quizzes.
OR
Log In

You Might Also Like...

Show Comments

Extras

Top Quizzes Today


Score Distribution

Your Account Isn't Verified!

In order to create a playlist on Sporcle, you need to verify the email address you used during registration. Go to your Sporcle Settings to finish the process.

Report this User

Report this user for behavior that violates our Community Guidelines.

Details: